[Event "FSGM July"]
[Site "Budapest HUN"]
[Date "2009.07.05"]
[Round "2"]
[White "Rombaldoni,D"]
[Black "Varga,Zo"]
[Result "1/2-1/2"]
[WhiteElo "2465"]
[BlackElo "2473"]

1.d4 d5 2.Nf3 a6 3.c4 dxc4 4.e3 e6 5.Bxc4 Nf6 6.Qe2 b5 7.Bb3 Bb7 8.O-O c5
9.dxc5 Bxc5 10.a4 b4 11.Rd1 Qc7 12.Nbd2 O-O 13.a5 Nc6 14.Nc4 Rfd8  1/2-1/2

[Event "XXXII Open"]
[Site "Barbera ESP"]
[Date "2009.07.06"]
[Round "3"]
[White "Garcia Roman,D"]
[Black "Ridameya Tatche,J"]
[Result "1/2-1/2"]
[WhiteElo "2464"]
[BlackElo "2123"]

1.d4 d5 2.c4 dxc4 3.Nf3 a6 4.a4 Nf6 5.Nc3 Nc6 6.e4 Bg4 7.e5 Bxf3 8.gxf3 Nd5
9.Be3 e6 10.Bxc4 Nxe3 11.fxe3 Qh4+ 12.Ke2 O-O-O 13.f4 Bc5 14.Bd3 Bxd4 15.Qf1 Qg4+
16.Kd2 Bxc3+ 17.Kxc3 Qh4 18.Bxa6 Nb8 19.Bc4 Qe7 20.b4 Nc6 21.Rb1 f6 22.Qh3 Rhe8
23.Qxh7 fxe5 24.Rhg1 exf4 25.Qxg7 fxe3 26.Qxe7 Rxe7 27.Rg3 Ne5 28.Be2 Rh8
29.Rxe3 Ng6 30.Rh1 Nf4 31.Bc4 Reh7 32.h3 Kd7 33.Rh2 Ke7 34.a5 c6 35.Kd4 Kd6
36.Re4 Rh4 37.Rd2 Nd5 38.Bxd5 exd5 39.Rg4 Rxh3 40.Rg6+ Kc7 41.Rg7+ Kd6 42.Rg6+ Kc7
43.Rg7+ Kd6 44.Rg6+  1/2-1/2

[Event "Continental ch-Americas"]
[Site "Sao Paulo BRA"]
[Date "2009.07.26"]
[Round "2"]
[White "Leitao,R"]
[Black "Aranha Filho,A"]
[Result "1-0"]
[WhiteElo "2610"]
[BlackElo "2292"]

1.d4 d5 2.c4 dxc4 3.Nf3 c5 4.e3 cxd4 5.Bxc4 Qc7 6.Bb3 dxe3 7.Bxe3 e6 8.Nc3 a6
9.O-O Nf6 10.Rc1 Nc6 11.Na4 Bd6 12.Nb6 Rb8 13.g3 O-O 14.Nc4 Nd5 15.Nxd6 Nxe3
16.fxe3 Rd8 17.Ng5 Rxd6 18.Qh5  1-0

[Event "FSGM August"]
[Site "Budapest HUN"]
[Date "2009.08.10"]
[Round "10"]
[White "Payen,Ar"]
[Black "Boros,De"]
[Result "1/2-1/2"]
[WhiteElo "2368"]
[BlackElo "2485"]

1.d4 d5 2.c4 dxc4 3.Nf3 a6 4.e3 Nf6 5.Bxc4 e6 6.O-O Nbd7 7.Be2 b6 8.b3 Bb7
9.Bb2 Be7 10.Nbd2 O-O 11.Rc1 Rc8 12.Qc2 c5 13.Qb1 Rc7 14.dxc5 Rxc5 15.Rfd1 b5
16.Bd3 h6 17.Ne4 Rc7 18.Be5 Rc8 19.Nxf6+ Bxf6 20.Bxf6 Qxf6 21.Bh7+ Kh8 22.Be4 Nc5
23.Bxb7  1/2-1/2

[Event "24th Open"]
[Site "Tetevan BUL"]
[Date "2009.08.16"]
[Round "3"]
[White "Vladimirov,Ivo"]
[Black "Kozhuharov,S"]
[Result "0-1"]
[WhiteElo "2082"]
[BlackElo "2406"]

1.d4 d5 2.c4 dxc4 3.Nf3 a6 4.a4 Nf6 5.e3 Nc6 6.Bxc4 Bg4 7.O-O e6 8.a5 Bd6
9.Qb3 Bxf3 10.gxf3 Rb8 11.Nc3 O-O 12.Ne4 Nxe4 13.fxe4 Qg5+ 14.Kh1 Nxa5 15.Rxa5 Qxa5
16.e5 Be7 17.Bd3 Qd5+ 18.Qxd5 exd5 19.e4 dxe4 20.Bxe4 c6 21.f4 Rbd8 22.Be3 f5
23.Bc2 g6 24.Rg1 Kg7 25.Bb3 Bc5 26.Rd1 Ba7 27.Bf2 h6 28.e6 Rfe8 29.h4 Kf6
30.Kg2 Rd6 31.h5 g5 32.fxg5+ hxg5 33.h6 Kg6 34.Rh1 Bxd4 35.h7 Bh8 36.Re1 Kxh7
37.e7 Bf6 38.Bc5 Rd2+ 39.Kh1 Kg6 40.Ba3 g4  0-1

[Event "5th Geller Mem Open A"]
[Site "Odessa UKR"]
[Date "2009.08.20"]
[Round "1"]
[White "Afanasjev,A"]
[Black "Fingerov,D"]
[Result "0-1"]
[WhiteElo "2095"]
[BlackElo "2376"]

1.d4 d5 2.c4 dxc4 3.Nf3 c5 4.e3 cxd4 5.Bxc4 Qc7 6.Qb3 e6 7.exd4 Nf6 8.O-O Be7
9.Nc3 Nc6 10.Bg5 O-O 11.Rac1 Na5 12.Qa4 Nxc4 13.Nb5 Qb6 14.Qxc4 Bd7 15.Nc3 Qxb2
16.Rb1 Qa3 17.Rb3 Rac8 18.Qd3 Qa6 19.Qb1 Bc6 20.Ne5 Qa5 21.Bd2 Rfd8 22.Ne4 Qd5
23.Nxc6 bxc6 24.Nc3 Qxd4 25.Be3 Qd7 26.Rd1 Nd5 27.Ne4 c5 28.Rb5 c4 29.Rb7 Qc6
30.Rxa7 c3 31.Qc2 f5 32.Nxc3 Qxc3 33.Qxc3 Nxc3 34.Re1 Bf6 35.g3 Nd1 36.Bb6 Rd6
37.Ba5 Nxf2  0-1

[Event "2nd Bolivar Open"]
[Site "Buenos Aires ARG"]
[Date "2009.09.01"]
[Round "8"]
[White "Vittorino,C"]
[Black "Torella,R"]
[Result "1-0"]
[WhiteElo "2330"]
[BlackElo "2055"]

1.d4 d5 2.c4 dxc4 3.Nf3 c5 4.e3 e6 5.Bxc4 a6 6.O-O Nf6 7.Bb3 Nc6 8.Nc3 Be7
9.Qe2 cxd4 10.Rd1 O-O 11.exd4 Nb4 12.Ne5 Nbd5 13.Rd3 Bd7 14.Rg3 Re8 15.Bh6 g6
16.h4 Bf8 17.Bg5 Nxc3 18.bxc3 h6 19.Bxf6 Qxf6 20.Nxd7 Qxh4 21.Nxf8 Rxf8 22.Re1 Rfe8
23.Qe5 h5 24.Re4  1-0

[Event "6th LGA Premium Cup"]
[Site "Nuernberg GER"]
[Date "2009.09.03"]
[Round "1"]
[White "Michel,S"]
[Black "Donchenko,An"]
[Result "0-1"]
[WhiteElo "1986"]
[BlackElo "2381"]

1.d4 d5 2.c4 dxc4 3.Nf3 a6 4.a4 Nf6 5.e3 e6 6.Bxc4 c5 7.O-O Nc6 8.Nc3 Qc7
9.h3 Bd6 10.Qe2 O-O 11.Rd1 b6 12.e4 cxd4 13.Nxd4 Nxd4 14.Rxd4 Bh2+ 15.Kh1 Be5
16.Rd1 Bb7 17.Bd2 Rfd8 18.Bd3 Nd7 19.b4 Bf4 20.Bxf4 Qxf4 21.Rac1 Ne5 22.Rc2 g5
23.g3 Qf6 24.Qe3 Nxd3 25.Rxd3 Rxd3 26.Qxd3 h6 27.Kg2 Rd8 28.Qe3 Qd4 29.h4 Qxe3
30.fxe3 Rc8 31.Kf3 Rc4 32.b5 axb5 33.axb5 Bxe4+ 34.Nxe4 Rxc2 35.hxg5 hxg5
36.Kg4 f5+  0-1

[Event "ch-RUS HL"]
[Site "Ulan Ude RUS"]
[Date "2009.09.06"]
[Round "5"]
[White "Papin,V"]
[Black "Landa,K"]
[Result "1/2-1/2"]
[WhiteElo "2529"]
[BlackElo "2655"]

1.d4 d5 2.c4 dxc4 3.Nf3 a6 4.e3 b5 5.a4 Bb7 6.b3 e6 7.axb5 axb5 8.Rxa8 Bxa8
9.bxc4 bxc4 10.Bxc4 Nf6 11.O-O Nbd7 12.Nc3 Bd6 13.Nb5 Be7 14.Ba3 Bxa3 15.Nxa3 O-O
16.Be2 c5 17.dxc5 Nxc5 18.Qxd8 Rxd8 19.Rc1 Nce4 20.Nd4 g6  1/2-1/2

[Event "ch-NED w"]
[Site "Haaksbergen NED"]
[Date "2009.09.16"]
[Round "6"]
[White "Middelveld,M"]
[Black "Bensdorp,M"]
[Result "1/2-1/2"]
[WhiteElo "2078"]
[BlackElo "2325"]

1.d4 d5 2.c4 dxc4 3.Nf3 a6 4.a4 Nf6 5.e3 Bg4 6.Bxc4 e6 7.O-O Nbd7 8.Nc3 c5
9.Be2 Qc7 10.h3 Bh5 11.Qb3 Bd6 12.Bd2 O-O 13.Rac1 Rac8 14.Rfd1 Rfd8 15.Be1 Qb8
16.d5 exd5 17.Nxd5 Nxd5 18.Rxd5 Bg6 19.Bc3 Qc7 20.Rcd1 Nf6 21.Bxf6 gxf6 22.Qc4 Be7
23.Nh4 Rxd5 24.Rxd5 Rd8 25.Nxg6 hxg6 26.Bf3 Kg7 27.Rxd8 Bxd8 28.g3 Be7 29.Kg2 Qd7
30.Qd5 Qxd5 31.Bxd5 b5 32.axb5 axb5 33.Bc6  1/2-1/2

[Event "TCh-FIN 2009-10"]
[Site "Finland FIN"]
[Date "2009.09.19"]
[Round "1"]
[White "Salo,H"]
[Black "Parkkinen,J"]
[Result "1/2-1/2"]
[WhiteElo "2277"]
[BlackElo "2210"]

1.d4 d5 2.c4 dxc4 3.Nf3 c5 4.e3 cxd4 5.Bxc4 Nf6 6.exd4 e6 7.O-O Be7 8.Qe2 O-O
9.Rd1 Bd7 10.Ne5 Bc6 11.Nc3 Bd5 12.Bd3 Nc6 13.Be3 Rc8 14.Rac1 a6 15.Bb1 g6
16.h3 Qd6 17.Bf4 Qb4 18.a3 Qa5 19.Bg5 Qd8 20.Rd2 Nxe5 21.dxe5 Ne4 22.Bxe7 Nxc3
23.Rxc3 Qxe7  1/2-1/2

[Event "18th TCh-CRO"]
[Site "Sibenik CRO"]
[Date "2009.09.21"]
[Round "1"]
[White "Jankovic,A"]
[Black "Sermek,D"]
[Result "1-0"]
[WhiteElo "2548"]
[BlackElo "2530"]

1.d4 d5 2.c4 dxc4 3.Nf3 c5 4.e3 cxd4 5.Bxc4 Qc7 6.Bb3 dxe3 7.Bxe3 e6 8.Nc3 Bd7
9.O-O Nf6 10.Rc1 Qa5 11.Nd2 Be7 12.Nc4 Qc7 13.Nb6 axb6 14.Nb5 Qxc1 15.Qxc1 Na6
16.Nc7+ Nxc7 17.Qxc7 Bc6 18.Qxb6 O-O 19.Rd1 Nd7 20.Qc7 Rfc8 21.Qf4 Nc5 22.Bxc5 Bxc5
23.a3 g6 24.h3 Be7 25.Re1 Kg7 26.Bd1 Bf6 27.Qb4 Rd8 28.Bf3 Rd4 29.Qb3 Rd2
30.Re2 Rad8 31.Qb4 Rd1+ 32.Kh2 Bxf3 33.gxf3 Rb1 34.Qxb7 Rd4 35.Rxe6 Rd2 36.Rxf6 Kxf6
37.Qc6+ Kg5 38.Qc5+  1-0

[Event "18th TCh-CRO b"]
[Site "Sibenik CRO"]
[Date "2009.09.23"]
[Round "3"]
[White "Erdos,V"]
[Black "Kosic,D"]
[Result "1/2-1/2"]
[WhiteElo "2591"]
[BlackElo "2495"]

1.d4 d5 2.c4 dxc4 3.Nf3 a6 4.e3 b5 5.a4 Bb7 6.b3 e6 7.bxc4 bxc4 8.Bxc4 Nf6
9.Nc3 c5 10.Rb1 Ra7 11.O-O Be7 12.Ba3 Bxf3 13.Qxf3 cxd4 14.Bxe7 Rxe7 15.exd4 O-O
16.d5 Rc7 17.Ba2 exd5 18.Nxd5 Nxd5 19.Bxd5 Nd7 20.Rfd1 Qe7 21.Qf4 Nf6 22.Bf3 Rfc8
23.h3 h6 24.Qd6 Qxd6 25.Rxd6 Rc1+ 26.Rxc1 Rxc1+ 27.Kh2 a5 28.Ra6 Rc5 29.Bc6 g6
30.Bb5 Nd5 31.Rxa5 Nc7 32.f3 h5 33.Ra7 Nxb5 34.Ra5 h4 35.Rxb5 Rc4 36.a5 Ra4
37.Re5 Ra2 38.Re4 Rxa5 39.Rxh4 Kg7 40.Rb4 g5 41.h4 gxh4 42.Rg4+ Kf6 43.Rxh4 Kg6
44.Rg4+ Kf6 45.Rb4 Kg6 46.Kh3 f6 47.f4 Ra3+ 48.Kh4 Ra1 49.g4 Rh1+ 50.Kg3 Rg1+
51.Kf3 Rf1+ 52.Kg2 Ra1 53.Rb6 Kg7 54.Kf3 Ra4 55.Rb7+ Kf8 56.Kg3 Ra1  1/2-1/2

[Event "TCh-NED 2009-10"]
[Site "Netherlands NED"]
[Date "2009.09.26"]
[Round "1"]
[White "Naumann,Al"]
[Black "Kroeze,F"]
[Result "1/2-1/2"]
[WhiteElo "2522"]
[BlackElo "2435"]

1.d4 d5 2.c4 dxc4 3.Nf3 c5 4.d5 e6 5.Nc3 a6 6.a4 Nf6 7.e4 exd5 8.e5 Nbd7
9.exf6 Nxf6 10.Bg5 Be6 11.Bxf6 gxf6 12.g3 Bh6 13.Bg2 d4 14.Ne2 Qa5+ 15.Kf1 Rd8
16.Qe1 Qb6 17.Qb1 O-O 18.Nh4 Rfe8 19.Be4 Bh3+ 20.Bg2 Qe6 21.Ng1 Bxg2+  1/2-1/2

[Event "18th TCh-CRO b"]
[Site "Sibenik CRO"]
[Date "2009.09.26"]
[Round "6"]
[White "Kosic,D"]
[Black "Dizdarevic,E"]
[Result "1/2-1/2"]
[WhiteElo "2495"]
[BlackElo "2483"]

1.d4 d5 2.c4 dxc4 3.Nf3 a6 4.e3 Nf6 5.Bxc4 e6 6.O-O c5 7.dxc5 Bxc5 8.Qxd8+ Kxd8
9.Be2 Ke7 10.Nbd2 Nbd7 11.Re1 b6 12.Nb3 Bd6 13.Bd2 Bb7  1/2-1/2

[Event "18th TCh-CRO"]
[Site "Sibenik CRO"]
[Date "2009.09.27"]
[Round "7"]
[White "Muse,D"]
[Black "Leventic,I"]
[Result "1/2-1/2"]
[WhiteElo "2367"]
[BlackElo "2495"]

1.d4 d5 2.c4 dxc4 3.Nf3 c5 4.e4 cxd4 5.Qxd4 Qxd4 6.Nxd4 Bd7 7.Bxc4 Nc6 8.Nxc6 Bxc6
9.Nc3 e6 10.Be3 a6 11.f3 Nf6 12.O-O Nd7 13.Rfd1 Bc5 14.Bxc5 Nxc5 15.Kf2 Na4
16.Nxa4  1/2-1/2

[Event "Waling Dijkstra GpA"]
[Site "Leeuwarden NED"]
[Date "2009.11.14"]
[Round "4"]
[White "Guliyev,N"]
[Black "Jonkman,H"]
[Result "1-0"]
[WhiteElo "2514"]
[BlackElo "2418"]

1.d4 d5 2.c4 dxc4 3.Nf3 a6 4.e3 Nf6 5.Bxc4 e6 6.Qe2 c5 7.dxc5 Bxc5 8.O-O Nc6
9.e4 Nd7 10.e5 Qc7 11.Bf4 b5 12.Bb3 Be7 13.Nbd2 Nc5 14.Ne4 Nxe4 15.Qxe4 Bb7
16.Rac1 Rc8 17.Rfe1 O-O 18.Ng5 g6 19.Qe3 Qa5 20.Kf1 b4 21.Kg1 Rfe8 22.h4 h5
23.Rc4 Bxg5 24.Bxg5 Ne7 25.Rxc8 Bxc8 26.Bf6 Nf5 27.Qa7 Qb5 28.Rc1 Qb7 29.Rc7 Qxa7
30.Rxa7 Nd4 31.Ba4 Nb5 32.Bxb5 axb5 33.b3 Rf8 34.f3 g5 35.Bxg5 Kh7 36.Bf6 Kg6
37.g4 Kh7 38.Kf2 Kg6 39.Ke1  1-0

[Event "FSGM November"]
[Site "Budapest HUN"]
[Date "2009.11.17"]
[Round "11"]
[White "Shankland,S"]
[Black "Prohaszka,P2"]
[Result "1/2-1/2"]
[WhiteElo "2486"]
[BlackElo "2495"]

1.d4 d5 2.c4 dxc4 3.Nf3 a6 4.e3 b5 5.a4 Bb7 6.b3 e6 7.axb5 axb5 8.Rxa8 Bxa8
9.bxc4 bxc4 10.Bxc4 Nf6 11.Qa4+ Nbd7 12.Bb5 Bxf3 13.gxf3 Be7 14.Bc6 O-O 15.f4 Nb8
16.Bf3 c5 17.dxc5 Qd3 18.Nd2 Bxc5 19.Qc4 Qxc4 20.Nxc4 Bb4+ 21.Ke2 Rc8 22.Na3 Nbd7
23.Bb2 Bxa3 24.Bxa3 Rc2+ 25.Kf1 Ra2 26.Be7 Ra1+ 27.Kg2 Rxh1 28.Kxh1 Nd5 29.Ba3 f5
30.Kg2 Kf7 31.Kf1 N7f6 32.Bb2 h6 33.Ke2 g5 34.fxg5  1/2-1/2

[Event "Tch-SLO League"]
[Site "Rogaska Slatina SLO"]
[Date "2009.12.12"]
[Round "3"]
[White "Lenic,L"]
[Black "Gruskovnjak,T"]
[Result "0-1"]
[WhiteElo "2598"]
[BlackElo "2378"]

1.d4 d5 2.c4 dxc4 3.Nf3 a6 4.e3 b5 5.a4 Bb7 6.b3 e6 7.bxc4 bxc4 8.Bxc4 Nf6
9.O-O Nbd7 10.Nbd2 c5 11.Ba3 Be7 12.Qe2 cxd4 13.Bxe7 Qxe7 14.Nxd4 O-O 15.N2f3 a5
16.Rfc1 Rfc8 17.Qb2 Nc5 18.Qa3 Nd5 19.Bxd5 Bxd5 20.Rc3 Qf8 21.Rac1 Nd7 22.Qxf8+ Rxf8
23.Nd2 Rab8 24.e4 Ba8 25.f3 Nb6 26.Ra1 Rfc8 27.Rb3 Rd8 28.Rab1 Rxd4 29.Rxb6 Rbd8
30.Nb3 Rxa4 31.Nc5 Rb4 32.R1xb4 axb4 33.Kf2 Rc8 34.Rxb4 Bc6 35.Ke3 e5 36.Nd3  0-1

[Event "9th Amplico Life Rapid"]
[Site "Warsaw POL"]
[Date "2009.12.19"]
[Round "6"]
[White "Maiorov,N1"]
[Black "Shirov,A"]
[Result "1/2-1/2"]
[WhiteElo "2511"]
[BlackElo "2719"]

1.d4 d5 2.c4 dxc4 3.Nf3 c5 4.e4 cxd4 5.Qxd4 Qxd4 6.Nxd4 Bd7 7.Bxc4 Nc6 8.Nxc6 Bxc6
9.f3 Nf6 10.Be3 g6 11.Nd2 Bg7 12.O-O-O O-O 13.Kb1 a5 14.Nb3 Rfc8 15.Be2 a4
16.Nd4 Be8 17.Rc1 Rd8 18.Rhd1 e6 19.Nb5 Bc6 20.Na7 Rxd1 21.Rxd1 Ne8 22.Bb5 Bxb5
23.Nxb5 f5 24.Rd7 fxe4 25.fxe4 Be5 26.h3 Nf6 27.Re7 Ra6 28.Bd4 Bxd4 29.Nxd4 Nxe4
30.Rxe6 Nd2+ 31.Kc2 Rxe6 32.Nxe6 Nc4 33.g3 Ne3+ 34.Kd3 Nd1 35.Kc2 Ne3+ 36.Kd3 Nd1
37.Kc2  1/2-1/2

[Event "9th Amplico Life Rapid"]
[Site "Warsaw POL"]
[Date "2009.12.20"]
[Round "12"]
[White "Zubov,A UKR"]
[Black "Heberla,B"]
[Result "1-0"]
[WhiteElo "2581"]
[BlackElo "2515"]

1.d4 d5 2.c4 dxc4 3.Nf3 a6 4.e3 b5 5.a4 Bb7 6.b3 e6 7.bxc4 bxc4 8.Ba3 Bd6
9.Bxc4 Nf6 10.O-O O-O 11.Nbd2 Bxa3 12.Rxa3 c5 13.dxc5 Nbd7 14.Nb3 Ne4 15.c6 Bxc6
16.Nbd4 Qc7 17.Bxe6 fxe6 18.Nxe6 Qa5 19.Nxf8 Rxf8 20.Nd4 Ba8 21.Ne6 Rf7 22.Rd3 Nef6
23.Rd6 Bd5 24.Qc2 h6 25.Nf4 Be4 26.Qc4 Qc5 27.Qxc5 Nxc5 28.f3 Bb7 29.Rc1 Nxa4
30.Ne6 Re7 31.Nd8 a5 32.Rd4 Nb6 33.Rb1 Rxe3 34.Rxb6 Bc8 35.Nc6 Bd7 36.Nxa5 Ra3
37.Nc4 Ra1+ 38.Kf2 Ra2+ 39.Rd2 Ra4 40.Ne5 Be8 41.g4 Kh7 42.h4 Ra5 43.Re6 Bb5
44.g5 hxg5 45.hxg5 Ne8 46.g6+ Kh6 47.Nf7+  1-0

[Event "26th Open"]
[Site "Boeblingen GER"]
[Date "2009.12.27"]
[Round "2"]
[White "Schulte,T"]
[Black "Donchenko,An"]
[Result "1/2-1/2"]
[WhiteElo "2167"]
[BlackElo "2380"]

1.d4 d5 2.c4 dxc4 3.Nf3 a6 4.a4 Nf6 5.e3 e6 6.Bxc4 c5 7.O-O Nc6 8.Nc3 Qc7
9.Qe2 Bd6 10.dxc5 Bxc5 11.e4 Ng4 12.g3 O-O 13.Kg2 b6 14.Bf4 e5 15.Nd5 Qd6
16.Bd2 Ra7 17.Rad1 a5 18.h3 Nf6 19.Bg5 Nxd5 20.Rxd5 Qc7 21.Rd2 Nd4 22.Nxd4 Bxd4
23.b3 Bb7 24.f3  1/2-1/2

[Event "ch-AUS"]
[Site "Sydney AUS"]
[Date "2010.01.10"]
[Round "8"]
[White "Brown,An"]
[Black "Charles,Ga"]
[Result "1-0"]
[WhiteElo "2144"]
[BlackElo "2175"]

1.d4 d5 2.c4 dxc4 3.Nf3 a6 4.a4 Nf6 5.e3 e6 6.Bxc4 c5 7.O-O Nc6 8.b3 cxd4
9.exd4 Be7 10.Bb2 O-O 11.Qe2 Nb4 12.Nbd2 Bd7 13.Rfc1 Rb8 14.Ne5 b5 15.axb5 axb5
16.Bd3 Nxd3 17.Qxd3 Qb6 18.d5 exd5 19.Bd4 Qe6 20.Ra7 Bd6 21.Ndf3 Qf5 22.Qd2 Be6
23.h3 Ne4 24.Qe3 h5 25.Nh4 Qh7 26.f3 Nf6 27.Qg5 Ra8 28.Rca1 Rxa7 29.Rxa7 Qh6
30.Qxh6 gxh6 31.f4 Ne4 32.f5 Bc8 33.g4 Bc5 34.Bxc5 Nxc5 35.b4 Nb7 36.Ra6 Re8
37.Nhf3 Kg7 38.f6+ Kg8 39.Rc6 hxg4 40.hxg4 Rd8 41.Nd4 Nd6 42.Kg2 Nc4 43.Nd3 Bxg4
44.Kg3 Bd7 45.Rc7 Nd6 46.Kf4 Ne8 47.Ra7 Nxf6 48.Ke5 Ng4+ 49.Kd6 Be6+ 50.Ke7 Rf8
51.Rb7 Ne3 52.Rxb5 Nf5+ 53.Nxf5 Bxf5 54.Nf4 Bg4 55.Nxd5 Be2 56.Nf6+ Kg7 57.Re5 Bc4
58.Ne8+ Kg8 59.Re3 Rxe8+ 60.Kxe8 Kg7 61.Ke7 Kg6 62.Re4 Bd3 63.Rd4 Be2 64.Rd6+ Kg5
65.b5 f5 66.b6 Bf3 67.Ke6 h5 68.Rd5 Bxd5+ 69.Kxd5  1-0

[Event "TCh-AUT 2009-10"]
[Site "Graz AUT"]
[Date "2010.01.14"]
[Round "4"]
[White "Schneider,Il"]
[Black "Juhasz,Kr"]
[Result "1-0"]
[WhiteElo "2496"]
[BlackElo "2232"]

1.d4 d5 2.c4 dxc4 3.Nf3 c5 4.e3 e6 5.Bxc4 a6 6.Bb3 Nf6 7.O-O b5 8.a4 b4 9.e4 Bb7
10.e5 Nfd7 11.d5 exd5 12.Bxd5 Bxd5 13.Qxd5 Nb6 14.Qb7 N8d7 15.a5 Rb8 16.Qc6 Na8
17.e6 fxe6 18.Bf4 Rc8 19.Qxe6+ Be7 20.Re1 Nc7 21.Bxc7 Rxc7 22.Ng5 Nf6 23.Qf7+ Kd7
24.Rd1+ Kc8 25.Rxd8+ Rxd8 26.Qe6+ Kb8 27.Qe2 Rcd7 28.Nc3 bxc3 29.bxc3 Ka7
30.Nf7 Rb8 31.Ne5 Rc7 32.Qf3 Rbc8 33.Rd1 c4 34.Rb1 Bc5 35.Nxc4 Rd8 36.Ne5 Rd6
37.Nd3 Nd7 38.Qg3 Rdc6 39.Qxg7 Nf6 40.Qg3 Ne4 41.Qg8  1-0

[Event "15th HIT Open A"]
[Site "Nova Gorica SLO"]
[Date "2010.02.03"]
[Round "5"]
[White "Lenic,L"]
[Black "Gombac,Jan"]
[Result "1-0"]
[WhiteElo "2595"]
[BlackElo "2310"]

1.d4 d5 2.c4 dxc4 3.Nf3 a6 4.a4 c5 5.e3 cxd4 6.Bxc4 Qc7 7.Qb3 e6 8.exd4 Nc6
9.Qd1 Bb4+ 10.Nc3 Na5 11.Ba2 Bxc3+ 12.bxc3 Qxc3+ 13.Bd2 Qc7 14.Ne5 Nf6 15.Bb4 Nc6
16.Nxc6 bxc6 17.O-O a5 18.Ba3 Nd5 19.Bc5 Ne7 20.Bb1 O-O 21.Ra3 f5 22.Re1 Rf6
23.Bxe7 Qxe7 24.Rc3 Bd7 25.Rc5 Qd6 26.Qd2 Rff8 27.Ba2 g6 28.Qc3 Kf7 29.h4 Rfb8
30.Bc4 Rb4 31.Rce5 Rab8 32.Bxe6+ Bxe6 33.Rxe6 Qxe6 34.Rxe6 Kxe6 35.Qxc6+ Kf7
36.Qd5+ Kf6 37.Qe5+ Kf7 38.Qxa5 h5 39.g3 R4b7 40.Qe5 Rd8 41.a5 Rbd7 42.a6 Rxd4
43.a7 Rd1+ 44.Kg2 Ra8 45.Qc7+ Kf8 46.Qh7 Rxa7 47.Qxa7 Re1 48.Qh7 Re6 49.Kf3  1-0

[Event "TCh-Eur Seniors"]
[Site "Dresden GER"]
[Date "2010.02.15"]
[Round "6"]
[White "Weber,Bernd"]
[Black "Lederman,L"]
[Result "1/2-1/2"]
[WhiteElo "2139"]
[BlackElo "2280"]

1.d4 d5 2.c4 dxc4 3.Nf3 a6 4.a4 Nf6 5.e3 Bg4 6.Bxc4 e6 7.Qb3 Bxf3 8.gxf3 Nc6
9.Bd2 Rb8 10.Rg1 Nd7 11.f4 Nb6 12.Bd3 Qd5 13.Qxd5 Nxd5 14.Na3 g6 15.Ke2 Bd6
16.Nc2 Kd7 17.Rgb1 Rbg8 18.h4 f5 19.Rh1 Nf6  1/2-1/2

[Event "81st ch-GER"]
[Site "Bad Liebenzell GER"]
[Date "2010.03.05"]
[Round "1"]
[White "Naumann,A"]
[Black "Vatter,H"]
[Result "1-0"]
[WhiteElo "2209"]
[BlackElo "2328"]

1.d4 d5 2.c4 dxc4 3.Nf3 a6 4.e3 b5 5.a4 Bb7 6.b3 e6 7.bxc4 bxc4 8.Bxc4 Nf6
9.O-O c5 10.Ba3 Nbd7 11.Nbd2 Be7 12.Qe2 O-O 13.Rfc1 cxd4 14.Nxd4 Nb6 15.Bxe7 Qxe7
16.a5 Nxc4 17.Nxc4 g6 18.Nb6 Rae8 19.Qc4 e5 20.Nc6 Qd6 21.Nb4 Ne4 22.Rd1 Qf6
23.f3 Ng5 24.e4 Re6 25.N4d5 Bxd5 26.exd5 Rd6 27.h4 Nxf3+ 28.gxf3 Qxf3 29.Rd3 Qe2
30.Ra2 Qe1+ 31.Kg2 Rf6 32.Rg3 Rf4 33.Qe2 Qb1 34.Rb2 Qa1 35.Ra2 Qb1 36.Ra4 Rxa4
37.Nxa4 f5 38.Nc3 Qb4 39.Qxe5 Qxh4 40.Qe6+ Kg7 41.Qe5+ Kg8 42.d6 f4 43.Qe6+ Kg7
44.Rf3 Qg5+ 45.Kf1 Qxa5 46.Nd5 Rf5 47.Qe7+ Kh8 48.Nc7 Qd2 49.Qd8+ Kg7 50.Ne6+  1-0

[Event "FSGM March"]
[Site "Budapest HUN"]
[Date "2010.03.09"]
[Round "4"]
[White "Gonda,L"]
[Black "Olape,B"]
[Result "1-0"]
[WhiteElo "2482"]
[BlackElo "2263"]

1.Nf3 d5 2.d4 c5 3.c4 dxc4 4.e3 e6 5.Bxc4 Nf6 6.Qe2 Nc6 7.O-O Be7 8.dxc5 Bxc5
9.e4 O-O 10.e5 Nd7 11.Rd1 Qc7 12.Bf4 Re8 13.Nc3 a6 14.Rac1 Nf8 15.Ne4 Be7
16.Qe3 Bd7 17.Nf6+ Bxf6 18.exf6 e5 19.fxg7 Ng6 20.Bh6 Be6 21.Bxe6 Rxe6 22.Ng5 Qe7
23.Nxe6 Qxe6 24.Qb3 Qe7 25.Qg3 Rd8 26.Rxd8+ Qxd8 27.Qg4 Qe8 28.h4 Nge7 29.Rd1 Nd4
30.Qe4 Qd7 31.Qxe5 Nf3+ 32.gxf3 Qxd1+ 33.Kg2 Qd7 34.h5 Nc6 35.Qc5 Qe7 36.Qxe7 Nxe7
37.Bg5 f6 38.Bxf6 Nf5 39.Kh3 Kf7 40.Bc3 Nxg7 41.Bxg7 Kxg7 42.Kg4 Kf6 43.f4 h6
44.f5 Ke5 45.a3 b6 46.f3 b5 47.b4 Kd5 48.f6  1-0

[Event "21st Pobeskydi Distep Cup"]
[Site "Frydek-Mistek CZE"]
[Date "2010.04.01"]
[Round "1"]
[White "Straka,Jos"]
[Black "Wiley,To"]
[Result "1/2-1/2"]
[WhiteElo "2246"]
[BlackElo "2302"]

1.d4 d5 2.c4 dxc4 3.Nf3 a6 4.e3 b5 5.a4 Bb7 6.axb5 axb5 7.Rxa8 Bxa8 8.b3 e6
9.bxc4 bxc4 10.Bxc4 Nf6 11.O-O Be7 12.Bb5+ Nbd7 13.Ne5 O-O 14.Nc6 Bxc6 15.Bxc6 Nb8
16.Bf3 c5 17.Bb2 cxd4 18.Bxd4 Nbd7 19.Nd2 Bc5 20.Ba1 Qe7 21.Ne4 Nxe4 22.Bxe4 Rd8
23.Qc2 f5 24.Bf3 Bd6 25.Rb1 Be5 26.Bd4 Bxd4 27.exd4 Nf6 28.Qc4 Nd5 29.Re1 Qd6
30.Bxd5 Qxd5 31.Qxd5 Rxd5 32.Rxe6 Rxd4  1/2-1/2

[Event "LVI Abierto Mexicano"]
[Site "Monterrey MEX"]
[Date "2010.04.01"]
[Round "3"]
[White "Gonzalez Zamora,J"]
[Black "Garmendez Gonzalez,F"]
[Result "1-0"]
[WhiteElo "2552"]
[BlackElo "2272"]

1.d4 d5 2.Nf3 c5 3.c4 dxc4 4.e3 Nf6 5.Bxc4 e6 6.O-O a6 7.Bb3 Be7 8.Nc3 b5
9.Qe2 Bb7 10.dxc5 Nbd7 11.e4 Nxc5 12.e5 Nfd7 13.Bc2 b4 14.Ne4 Bxe4 15.Bxe4 Nxe4
16.Qxe4 O-O 17.Be3 Nb6 18.h4 Qd5 19.Qg4 Qc4 20.Qg3 Rfb8 21.h5 Nd5 22.Bh6 g6
23.hxg6 fxg6 24.Rfd1 Bf8 25.Qh3 Bxh6 26.Qxh6 Ra7 27.Nd4 Rf7 28.Nxe6 Qg4 29.Rxd5 Qxe6
30.Rad1 Rbf8 31.f3 Qb6+ 32.R1d4 Rf4 33.Rd7 Qxd4+ 34.Rxd4 Rxd4 35.Qe3 Rd1+
36.Kh2 Rf7 37.f4 Rd8 38.Qb6 Rdf8 39.g3 a5 40.Qxa5 Rb8 41.Qd5 Rb7 42.e6 Rfe7
43.g4 Rbc7 44.f5 gxf5 45.gxf5  1-0

[Event "34th Open"]
[Site "Fourmies FRA"]
[Date "2010.05.23"]
[Round "3"]
[White "Guilleux,F"]
[Black "Degraeve,JM"]
[Result "0-1"]
[WhiteElo "2394"]
[BlackElo "2561"]

1.d4 d5 2.Nf3 c5 3.c4 dxc4 4.d5 Nf6 5.Nc3 e6 6.e4 exd5 7.e5 d4 8.exf6 dxc3
9.Qxd8+ Kxd8 10.Bg5 Rg8 11.Bxc4 gxf6 12.Bxf6+ Kc7 13.bxc3 Bg7 14.Bxg7 Rxg7
15.g3 Nc6 16.O-O-O Bg4 17.Rd3 Re8 18.h3 Bc8 19.Rd2 f6 20.Nh4 Ne5 21.Bb5 Ree7
22.f4 Nf7 23.g4 Nd6 24.Bd3 Re3 25.Kb2 Rge7 26.Rhh2 Be6 27.Rhe2 Bc4 28.Rxe3 Rxe3
29.Bxh7 Rxh3 30.Nf5 Ne4 31.Rg2 Rxh7 32.g5 fxg5 33.fxg5 Rh5 34.Rg4 Be6  0-1

[Event "9th TCh-BIH Premier"]
[Site "Bihac BIH"]
[Date "2010.06.07"]
[Round "3"]
[White "Damljanovic,B"]
[Black "Bilic,V"]
[Result "1-0"]
[WhiteElo "2539"]
[BlackElo "2267"]

1.d4 d5 2.c4 dxc4 3.Nf3 c5 4.d5 e6 5.Nc3 Nf6 6.e4 exd5 7.e5 Nfd7 8.Bg5 Be7
9.Bxe7 Qxe7 10.Nxd5 Qd8 11.Bxc4 O-O 12.O-O Nb6 13.Nxb6 Qxb6 14.Ng5 h6 15.Ne4 Qxb2
16.f4 Nc6 17.Rf2 Qd4 18.Qxd4 cxd4 19.Nd6 Rb8 20.Re1 Be6 21.Bb5 Rfd8 22.Rd2 f6
23.Nxb7 Rxb7 24.Bxc6 Rc7 25.Bf3 fxe5 26.Rxe5 Bf7 27.Kf2 Kf8 28.h4 Rd6 29.Ra5 Ke7
30.h5 Kf6 31.g4 Be6 32.g5+ hxg5 33.fxg5+ Kf7 34.Be4 Rdd7 35.Re5 Rc3 36.Bg6+ Ke7
37.Bf5  1-0

[Event "Coupe de France S/F"]
[Site "Marseilles FRA"]
[Date "2010.06.13"]
[Round "1"]
[White "Feller,S"]
[Black "Degraeve,JM"]
[Result "1/2-1/2"]
[WhiteElo "2593"]
[BlackElo "2561"]

1.d4 d5 2.c4 c5 3.Nf3 dxc4 4.e4 cxd4 5.Qxd4 Qxd4 6.Nxd4 a6 7.Bxc4 e5 8.Nf3 Nc6
9.Nc3 Bb4 10.Ng5 Nd8 11.Bd2 Ne7 12.a3 Bc5 13.Rc1 f6 14.Nf3 Be6 15.Nd5 Nxd5
16.exd5 Bd7 17.Bxa6 Bxf2+ 18.Kxf2 bxa6 19.Rc7 Rf8 20.Bb4 Rf7 21.Nd2 Bb5 22.Rhc1 a5
23.Ne4 axb4 24.Nd6+ Kf8 25.Nxb5 bxa3 26.bxa3 Rxc7 27.Rxc7 Ra5 28.Rc5 Nf7
29.Rc8+ Ke7 30.Rc7+ Ke8 31.Rb7 Nd8 32.Rb6 Kd7 33.g4 Ra4 34.h3 Kc8 35.Ke2 Nf7
36.Rc6+ Kd8 37.Rb6 Ng5 38.Rb8+ Kd7 39.Rb7+ Ke8 40.Rxg7 Nxh3 41.d6 Kd8 42.Rxh7 Ng5
43.Rc7 Ne6 44.Rf7 Nd4+ 45.Nxd4 Rxd4 46.Rxf6 Rxg4  1/2-1/2

[Event "14th Master Open"]
[Site "Voronezh RUS"]
[Date "2010.06.18"]
[Round "6"]
[White "Elizarov,D"]
[Black "Bezgodov,A"]
[Result "1/2-1/2"]
[WhiteElo "2356"]
[BlackElo "2494"]

1.d4 d5 2.c4 dxc4 3.Nf3 a6 4.a4 Nc6 5.e3 Bg4 6.Bxc4 e6 7.O-O Nf6 8.h3 Bh5
9.b3 Bd6 10.Bb2 Qe7 11.Be2 O-O 12.Ne5 Bxe2 13.Qxe2 Na5 14.Nd2 Bb4 15.Ra2 Nd5
16.Nd3 Rfd8 17.Nxb4 Nxb4 18.Raa1 e5 19.Nc4 Nxc4 20.Qxc4 exd4 21.Bxd4 Nc6
22.Bc3 Qe6 23.Qxe6 fxe6 24.Rac1 a5 25.Rfd1 Kf7  1/2-1/2

[Event "Open"]
[Site "Eforie Nord ROU"]
[Date "2010.06.24"]
[Round "8"]
[White "Beinoras,M"]
[Black "Nabaty,T"]
[Result "0-1"]
[WhiteElo "2386"]
[BlackElo "2493"]

1.d4 d5 2.c4 dxc4 3.Nf3 c5 4.e3 cxd4 5.Bxc4 Qc7 6.Qb3 e6 7.exd4 Nc6 8.Nc3 Nf6
9.Nb5 Qb6 10.Bf4 Bb4+ 11.Kf1 Nd5 12.Bxd5 Qxb5+ 13.Bc4 Qb6 14.Qd3 Be7 15.h4 Qxb2
16.Rb1 Qa3 17.Rb3 Qa5 18.a3 O-O 19.d5 exd5 20.Ng5 g6 21.Bxd5 Bf5 22.Qc4 Rad8
23.Rb5 Qxa3 24.Kg1 Bd3 25.Bxf7+ Kg7 26.Ne6+ Kxf7 27.Nxd8+ Ke8 28.Qd5 Rxf4
29.Rxb7 Qc1+  0-1